export_success — 

Ikhtisar peranan pengarah.

Bibliographic Details
Main Author: Abdul Murad Ahmad
Format: Book
Published: Batu Caves: Pustaka Ilmi, 1998.
Subjects:
LEADER 00435cam a2200157 7i4500
001 0000013134
005 20031225090000.0
020 0 0 |a 9830981177  
090 0 0 |a B 658.422   |b IKH 
100 1 0 |a Abdul Murad Ahmad  
245 1 0 |a Ikhtisar peranan pengarah. 
260 0 0 |a Batu Caves:   |b Pustaka Ilmi,   |c 1998. 
300 # # |a 159 p. 
650 0 0 |a Business ethics  
650 0 0 |a Directors of corporations  
999 |a 0000013556  |b Book  |c Book  |e Business Information Centre